000 00237nam a22001097a 4500
020 _a0-7214-1560-1
082 _a823
_bLAD/L
245 _aLITTLE RED RIDING HOOD
260 _aUK
_bLADYBIRD
650 _aENGLISH SHORT STORY
_zUK
942 _cBK
999 _c4019
_d4019